[Event "Corus-B"]
[Site "Wijk aan Zee"]
[Date "2005.01.16"]
[Round "2"]
[White "Onischuk, Alexander"]
[Black "Nielsen, Peter Heine"]
[Result "1/2-1/2"]
[WhiteElo "2652"]
[BlackElo "2648"]
[Annotator "Ribli,Z"]
[PlyCount "99"]
[EventDate "2005.01.15"]
[EventType "tourn"]
[EventRounds "13"]
[EventCountry "NED"]
[EventCategory "13"]
[SourceTitle "CBM 105"]
[Source "ChessBase"]
[SourceDate "2005.04.11"]
[SourceVersion "1"]
[SourceVersionDate "2005.04.11"]
[SourceQuality "1"]

1. d4 Nf6 2. c4 e6 3. Nf3 d5 4. Nc3 dxc4 5. e4 Bb4 6. Bg5 c5 {GM Nielsen
spielt gerne die Wiener Variante des Damengambits.} 7. e5 h6 (7... cxd4) 8.
exf6 hxg5 9. fxg7 Rg8 10. a3 {Dieser Zug wird heute selten gespielt; die
Hauptfortsetzung ist 10.dxc5.} (10. dxc5) (10. Qc2 cxd4 11. Qh7 Ke7 12. O-O-O
Bxc3 (12... d3) (12... Nc6) 13. bxc3 Qa5 14. Qxg8 Qxc3+ 15. Kb1 Qb4+ 16. Kc2
Qc3+ {1/2-1/2 Van Wely,L-Naiditsch,A/Bundesliga 2004/05}) 10... Bxc3+ (10...
Ba5 11. dxc5 (11. Bxc4 $6 g4) (11. Qc2) 11... Qxd1+ 12. Rxd1 Bxc3+ 13. bxc3
Rxg7 14. h4 g4 15. Ng5 Nd7 16. Rd4 Ne5 $1 17. Ne4 Ke7 18. Nd6 Bd7 19. Nxb7 $6 (
19. Nxc4 Nxc4 20. Rxc4 Rc8 $11) 19... Rb8 20. Nd6 Ba4 $1 $36 {0-1 Van Wely,
L-Agrest,E/Leon 2001/[Agrest,E] (52)}) 11. bxc3 Nc6 $146 {Dieser Springerzug
stellt eine theoretische Neuerung dar, bis jetzt spielte Schwarz 11...cxd4.} (
11... cxd4 12. Nxd4 Nc6 (12... Qd5 13. h4 gxh4 14. Rxh4 Bd7 15. Qe2 Nc6 16. Rd1
Qa5 17. Qxc4 Qe5+ 18. Be2 O-O-O {1-0 Gunina,V-Yildiz,B/Heraklio GRE 2004/(46)})
13. Bxc4 Nxd4 14. cxd4 Qa5+ 15. Kf1 Bd7 16. h4 gxh4 17. Rxh4 Qg5 18. Qg4 Qxg4
19. Rxg4 Rc8 20. Be2 Ke7 21. Bf3 Bc6 22. Bxc6 {1/2-1/2 Sakaev,K-Aronian,L/
Bundesliga 2003 (22)}) 12. Bxc4 cxd4 (12... Rxg7 13. O-O $36 (13. d5 exd5 14.
Bxd5 Qe7+ 15. Qe2 Qxe2+ 16. Kxe2 Bd7 $11)) 13. Qd3 {[%cal Rd3h7,Rh7g8]} (13.
cxd4 $6 g4) (13. Nxd4 Nxd4 14. Qxd4 Qxd4 15. cxd4 Rxg7 $11) 13... Rxg7 (13...
dxc3 $2 14. Qh7 Ke7 (14... Ne7 15. Bb5+ Bd7 16. O-O-O $18) 15. O-O $36 {
Weiß verfügt über eine überlegene Initiative für den Minusbauern.}) (13... Qf6
$6 14. Nxd4 Qe5+ 15. Kf1 Nxd4 16. cxd4 Qxg7 17. Re1 $36) 14. O-O (14. Nxd4 Nxd4
(14... Ne5 15. Qh3 $36) 15. cxd4 Qa5+ 16. Ke2 (16. Qd2 Qxd2+ 17. Kxd2 Bd7 $11)
16... Bd7 17. Rhc1 Bc6 $11) 14... Bd7 (14... dxc3 $6 15. Qxc3 $44 {[%csl Re8]
Weiß hat großen Entwicklungsvorteil und mehr als Kompensation für den Bauern.})
15. Nxd4 (15. cxd4 g4 16. Ne5 Nxe5 17. dxe5 Bc6 $11) 15... Ne5 (15... Nxd4 16.
cxd4 Bc6 17. Rfe1 $16 {[%cal Ge1e8]}) 16. Qh3 {[%cal Rh3h8,Rh8g7,Rh8e8] Weiß
beschäftigt sich nicht mit der Deckung des c4-Läufers; nach 17.Qh8+ droht
Qualitätsgewinn.} (16. Qe2 Qc7 17. Bb5 O-O-O $11 (17... Rh7 $5)) 16... Rg8 (
16... Qe7 $5 17. Be2 (17. Qh8+ $2 Qf8 $15) 17... O-O-O 18. Qe3 Qf6 19. Nf3 (19.
Nb5 Bxb5 20. Bxb5 Kb8 21. Rad1 Rgg8 22. Rd4 $11) 19... Nc6 $11 (19... Nxf3+ 20.
Bxf3 Kb8 21. Bxb7 $1 Kxb7 22. Rab1+ $18)) {[#]} 17. Nxe6 $13 {[%mdl 512] Das
weiße Springeropfer führt zu großen Komplikationen.} (17. Qh7 Rf8 (17... Ke7
18. Ba2 Qc7 19. Rfe1 $36) 18. Bb5 Qc7 $11) 17... Nxc4 (17... fxe6 $6 18. Bxe6
Qf6 19. Bxd7+ Nxd7 20. Rfe1+ Kd8 21. Rad1 $44) (17... Qc8 $5 18. Qh7 Ke7 19.
Nd4 Qxc4 20. Qe4 $44 {Weiß hat Initiative für die Figur, aber die Stellung ist
sehr unklar.}) 18. Qh7 (18. Nxd8 Bxh3 $19) 18... Bxe6 19. Qxg8+ Kd7 20. Rfd1+
Nd6 21. Qg7 {Nach diesen forcierten Zügen ist eine Stellung erreicht, in der
Schwarz mit zwei Leichtfiguren gegen Turm und Mehrbauern spielt, was materiell
als ausgeglichen gilt, jedoch steht der schwarze König unsicher.} Kc6 (21...
Qe7 22. Qe5 Kc6) 22. Qe5 Qe7 $11 {Die Stellung ist in einem dynamischen
Gleichgewicht; Weiß verfügt über ein aktiveres Figurenspiel, jedoch über keine
konkreten Drohungen.} 23. Rd4 Rd8 24. a4 (24. Rad1 f6 25. Qe2 Kc7 $15) 24...
Nf5 $2 {Schwarz möchte die Stellung vereinfachen, aber mit diesem Zug verliert
er einen Bauern.} (24... f6 $142 25. Qa5 (25. Qe2 Kc7 26. Rad1 Qf7 27. c4 Rd7
$11) 25... Qc7 (25... b6 26. Qb4 $11) 26. Qxa7 Nc8 27. Qa8 Nd6 $11) 25. Qb5+
Kc7 26. Qa5+ Kc8 27. Rxd8+ Qxd8 28. Qxa7 $14 Qd5 29. f3 (29. c4 $1 Qd4 (29...
Qxc4 30. Rd1 $40) 30. Qa8+ Kc7 31. Rb1 Nd6 32. Qa5+ Kc6 (32... Kb8 33. c5 $16)
33. Qxg5 Qxf2+ 34. Kxf2 Ne4+ 35. Ke3 Nxg5 36. h4 $16) 29... Bd7 {[%cal Gd7c6]}
(29... Qe5 {[%cal Ge5b8]}) 30. a5 Bc6 31. a6 bxa6 32. Qxa6+ Kd7 33. Qa7+ (33.
Qa5) 33... Ke6 34. Qa5 Ne3 35. Qxd5+ Nxd5 $11 {[%mdl 4096] Weiß hat einen Turm
und zwei Bauern gegen zwei schwarze Leichtfiguren. Die weiße Stellung ist als
etwas aussichtsreicher anzusehen, aber sein Freibauer auf c3 ist nicht stark.}
36. Rc1 Nf4 37. Re1+ (37. Kf1 Kd5 $11 {[%cal Gd5c4]}) 37... Kd6 38. Rd1+ Kc5
39. Kf2 Nd5 40. Rc1 Kc4 41. g3 Nf6 (41... Nxc3 $2 42. Ke3 Kb4 43. Kd2 $18 {
[%csl Rc3,Rc6][%cal Rc1c6]}) (41... Kd3 $11) 42. Rb1 Bd7 43. Rb6 Be6 44. Rc6+
Kd5 45. Ra6 (45. Rc7 g4 $11 (45... Kd6 $11)) 45... Kc4 46. Rc6+ Kd5 47. Rc7 g4
(47... Kd6 $11) 48. Ra7 Kc4 49. Rc7+ Kd3 50. fxg4 (50. fxg4 Nxg4+ 51. Kg1 Bc4
$11) 1/2-1/2

[Event "Pamplona 9697 7th"]
[Site "Pamplona"]
[Date "1996.??.??"]
[Round "7"]
[White "Cramling, Pia"]
[Black "Magem Badals, Jordi"]
[Result "1/2-1/2"]
[WhiteElo "2545"]
[BlackElo "2570"]
[Annotator "Ribli,Z"]
[PlyCount "46"]
[EventDate "1996.12.??"]
[EventType "tourn"]
[EventRounds "9"]
[EventCountry "ESP"]
[EventCategory "13"]
[SourceTitle "CBM 057"]
[Source "ChessBase"]
[SourceDate "1997.04.01"]
[SourceVersion "1"]
[SourceVersionDate "1997.04.01"]
[SourceQuality "1"]

1. d4 d5 2. Nf3 Nf6 3. c4 dxc4 4. Nc3 e6 5. e4 Bb4 6. Bg5 c5 {[#] Das ist die
sogenannte Wiener-Variante im Damengambit. Es ist ein scharfer taktischer
Kampf, bei dem positionelle Prinzipen gewöhnlich keine wichtige Rolle spielen,
es dominieren konkrete taktische Varianten, und die Kalkulation.  Seit
ungefähr 20 Jahren hält die Theorie dieses System für unspielbar. Ribli.} 7.
Bxc4 $5 (7. e5) 7... cxd4 8. Nxd4 Bxc3+ 9. bxc3 Qa5 10. Bb5+ {[#]} Bd7 {
Die andere wichtige und gleichzeitig ambitiösere Fortsetzung ist 10...Nd7.
Ribli.} 11. Bxf6 gxf6 12. Qb3 a6 13. Bxd7+ Nxd7 14. Nxe6 $6 {[#] Jetzt Schwarz
hat verschiedene Möglichkeiten. Die Partiefortsetzung ist ein sicherer Weg zum
Gleichgewicht. Siehe SURVEY 57. Ribli} Rc8 (14... Qe5 15. Ng7+ Kf8 16. Nf5
Qxe4+ 17. Ne3 Nc5 18. Qb4 $1 $14) (14... fxe6 15. Qxe6+ Kd8 16. Rd1 Qxc3+ $6 (
16... Qb5 $5 17. Qxf6+ Kc7 $13) 17. Ke2 Qb2+ 18. Kf3) 15. O-O Rxc3 16. Ng7+ Kf8
17. Qd1 {Es scheint mir, daß der Führer der weißen Steine an diesem Tag nicht
so kampflustig war. Wir erreichen nämlich eine bekannte theoretische
"Remisvariante", von der abzuweichen unmöglich ist.Ribli.} Kxg7 18. Qg4+ Qg5
$11 19. Qxd7 Qb5 20. Qxb5 (20. Qg4+ Qg5 21. Qe2 Rhc8) 20... axb5 {Ich möchte
anmerken, daß in einem eventuellen Turmendspiel mit 3 Bauern gegen 4 Bauern am
Königsflügel es für Schwarz gut ist, daß er die Doppelbauern auf f7 und f6 hat.
In diesem Fall kann er leicht remis machen.Ribli.} 21. f3 (21. Rfb1 Ra8 22.
Rxb5 Rxa2 $11) (21. Rab1 Ra8 22. Rxb5 Rxa2 23. Rxb7 Rc4 24. f3 $4 (24. Re1 Rcc2
{Das führt zum Remis.Ribli.}) 24... Rcc2) 21... Rc2 22. Rf2 Rhc8 23. Rxc2 Rxc2
{Die Stellung ist im Gleichgewicht.Ribli.} 1/2-1/2

[Event "Bundesliga 0405"]
[Site "Germany"]
[Date "2004.11.27"]
[Round "7.1"]
[White "Nikolic, Predrag"]
[Black "Nielsen, Peter Heine"]
[Result "0-1"]
[WhiteElo "2676"]
[BlackElo "2663"]
[Annotator "Ribli,Z"]
[PlyCount "64"]
[EventDate "2004.11.12"]
[EventType "team-tourn"]
[EventRounds "15"]
[EventCountry "GER"]
[SourceTitle "CBM 105"]
[Source "ChessBase"]
[SourceDate "2005.04.11"]
[SourceVersion "1"]
[SourceVersionDate "2005.04.11"]
[SourceQuality "1"]
[WhiteTeam "Solingen"]
[BlackTeam "Wattenscheid"]
[WhiteTeamCountry "GER"]
[BlackTeamCountry "GER"]

1. d4 Nf6 2. c4 e6 3. Nf3 d5 4. Bg5 Bb4+ 5. Nc3 dxc4 6. e4 {Mit Zugumstellung
haben wir die Wiener Variante erreicht; die gewönliche Zugfolge lautet 4...
dxc4 5.e4 Bb4 6.Bg5.} c5 7. Bxc4 cxd4 8. Nxd4 Bxc3+ 9. bxc3 Qa5 10. Nb5 {
GM Nikolic spielt gern diese Fortsetzung, die von der eigentlichen
Hauptvariante (10.Bb5+) abweicht, jedoch kommt es damit zu einem interessanten
taktischen Kampf.} Nxe4 $5 {Diese scharfe Fortsetzung ist die beste
Möglichkeit für Schwarz.} (10... a6 11. Nd6+ Ke7 12. Qd2 Nc6 13. Rd1 Rd8 14. f4
) 11. Qd4 {Das ist die alte Variante - meiner Meinung nach bietet die
Alternative 11.Bf4!? Weiß mehr Chancen auf einen Eröffnungsvorteil.} (11. Bf4
$5) 11... O-O 12. Qxe4 a6 13. Be7 (13. Bd3 f5 14. Qb4 Qxb4 15. cxb4 axb5 16.
Bxb5 Nc6 (16... Bd7) 17. O-O Nd4 18. Bd3 e5 19. f3 Bd7 20. Rfe1 Rfe8 21. Be3 {
1/2-1/2 Paschall,W-Szabo,K/Budapest HUN 2004/ (66)}) 13... axb5 14. Bb4 Qc7 15.
Bxf8 (15. Bxb5 Bd7 (15... Rd8) 16. Bd3 (16. Bxd7 Nxd7 17. Bxf8 Qxc3+ 18. Ke2
Qb2+ 19. Kf3 Qc3+ 20. Ke2 Qb2+ 21. Kf3 Qc3+ 22. Ke2 {1/2-1/2 Nill,J-Kosintseva,
N/Dresden 2004/(22)}) 16... g6 17. O-O Re8 {Das ist ein Schlüsselzug für
Schwarz, im folgenden kann er Nc6-e7 ziehen.} 18. Qe3 Nc6 19. Bc5 Ne7 20. Bb6
Qxc3 21. Bd4 Qa5 22. Rac1 e5 {1/2-1/2 Sturua,Z-Horvath,J/Bern SUI 2000/(37)})
15... Kxf8 {Nach forcierten Zügen haben wir eine Stellung erreicht, in der
Schwarz eine Qualität weniger besitzt, aber dafür Initiative erhält.} 16. Bb3 (
16. Bxb5 $2 Qxc3+ 17. Ke2 Qb2+ $19) 16... Qxc3+ 17. Ke2 Qb2+ 18. Kf3 (18. Ke3
Qc3+ 19. Qd3 Qe5+ 20. Qe4 Qc3+ 21. Ke2 Qb2+ 22. Ke3 {1/2-1/2 Schandorff,
L-Rasmussen,K/Horsens DEN 2003/(22)}) 18... Qc3+ 19. Qe3 Qf6+ 20. Qf4 Qc3+ 21.
Ke2 Qb2+ {Bis jetzt ist alles Theorie. Es scheint, dass die Partie schnell mit
Dauerschach endet.} 22. Kd3 $2 $146 {[%mdl 4] Weiß spielt riskant - es wäre
besser, mit Zugwiederholung Remis zu halten.} (22. Kf3 $11) 22... Nc6 {Schwarz
hat zwei Bauern für die Qualität, und der weiße König steht exponiert in der
Mitte.} 23. Rhc1 (23. Rhd1) 23... Ne5+ 24. Ke3 Nc4+ 25. Bxc4 (25. Kf3 e5 $36)
25... bxc4 {[%cal Ra8a3,Ra3e3]} 26. a4 {Mit diesem Zug verteidigt sich Weiß
gegen 26....Ra3+.} (26. Qxc4 $2 Ra3+ $19) 26... Ra5 {[%csl Ga5][%cal Ga5h5]
Der Turm kommt auf der 5. Reihe ins Spiel.} 27. Qxc4 Re5+ 28. Kf4 Rf5+ 29. Kg4
(29. Kg3 Qxf2+ $19) 29... Bd7 $40 {[%csl Gb2,Gd7,Gf5,Rg4][%cal Gd7g4] Schwarz
verfügt über einen überlegenen Angriff; der weiße König befindet sich in
großer Not.} 30. Rd1 (30. Qd3 Qxf2 $19) 30... Qxf2 $19 31. Ra2 Rf4+ $1 {
[%mdl 64] Ein sehr schönes Opfer, das sofort gewinnt.} (31... Qe3 $19) 32. Qxf4
e5+ {[%cal Rd7g4,Rf2f4]} (32... e5+ 33. Rxd7 Qxf4+ 34. Kh3 Qf5+ $19 (34... h5
$19)) 0-1

[Event "Escaldes zt"]
[Site "Escaldes"]
[Date "1998.11.12"]
[Round "7"]
[White "San Segundo Carrillo, Pablo"]
[Black "Wells, Peter K"]
[Result "1/2-1/2"]
[WhiteElo "2490"]
[BlackElo "2515"]
[Annotator "Ribli,Z"]
[PlyCount "100"]
[EventDate "1998.11.06"]
[EventType "swiss"]
[EventRounds "9"]
[EventCountry "AND"]
[SourceTitle "CBM 068"]
[Source "ChessBase"]
[SourceDate "1999.02.01"]
[SourceVersion "1"]
[SourceVersionDate "1999.02.01"]
[SourceQuality "1"]

1. Nf3 d5 2. d4 Nf6 3. c4 e6 4. Nc3 dxc4 {In der taktischen "Wiener-Variante"
strebt Schwarz nach schneller Figurenentwicklung und scharfen Spiel. Ribli.} 5.
e4 Bb4 6. Bg5 c5 7. Bxc4 cxd4 8. Nxd4 Qa5 {Dieser Zug ist heutzutage sehr
beliebt.} 9. Bb5+ (9. Bd2 Qc5 10. Bb5+ Bd7 11. Nb3 Qe7 12. Bd3 Nc6 13. a3 Bxc3
14. Bxc3 e5 $11 {[%csl Rb3,Rc3] Weiß besitzt das Läuferpaar, aber die schwarze
Stellung ist gesund, während die weißen Figuren am Damenflügel etwas
unglücklich stehen.}) 9... Bd7 (9... Nbd7) 10. Bxf6 Bxc3+ (10... gxf6 $5 {
Das wäre die prinzipielle Fortsetzung nach 7...Qa5. Schwarz kann jetzt, wenn
er will, auf c3 nehmen.} 11. O-O Bxc3 12. Bxd7+ Nxd7 13. bxc3 a6 14. Rb1 Qc7
$11) 11. bxc3 gxf6 12. Qb3 {Dieser Zug wäre nicht möglich, wenn Schwarz statt
10...Bxc3 10...gxf6 spielt. Jetzt haben wir eine theoretische Hauptvariante.}
a6 13. Be2 Nc6 14. O-O Qc7 {Weiß hat die bessere Entwicklung und Schwarz
Doppelbauern. Anderseits Schwarz hat auch sein Gegenspiel, denn der c3-Bauer
ist eine strukturelle Schwäche.} 15. Rad1 (15. Rab1) 15... Rc8 (15... O-O) 16.
Qa3 {[%cal Ga3f8] [#]Das ist die kritische Fortsetzung für Schwarz. Die
Rochade ist vorerst unmöglich und Weiß kann seine Dame über c1 und h6 zum
Königsflügel bringen.} Na5 (16... Rg8 $5 17. Rfe1 Ne5 {1/2-1/2 Filippov,
V-Yakovich,Y/Nizhnij Novgorod 1998/CBM 66 (17)}) (16... Ne5 $5) (16... Qa5 17.
Qb2 $14) 17. Qc1 (17. Rd3 $5 Qc5 18. Qc1 Rg8 (18... Ke7 $5) 19. g3 (19. Qh6 Ke7
20. Rfd1 Rc7 21. Qxh7 Rgc8 22. e5 fxe5 23. Qh4+ Ke8 24. Nxe6 {1-0 Beliavsky,
A-Lukacs,P/Austria 1997/EXP 57 (24)}) 19... Nc4 20. Qh6 Ne5 21. Re3 Ke7 22. f4
Nc6 23. Rd1 Qb6 24. e5 Rg6 25. Qxh7 fxe5 26. fxe5 Nxd4 27. cxd4 Be8 28. Rb3 Qa7
29. Bh5 Rg5 30. Bf3 {1-0 Kempinski,R-Acs,P/Krynica 1998/CBM 67 noVC (30)})
17... Ke7 (17... e5 $5 18. Nf5 Bxf5 19. exf5 Qxc3 20. Qh6 Ke7 21. Bh5 Qc4 22.
Rc1 Qa4 23. Qg7 Qxa2 24. Ra1 Qc4 25. Rxa5 Rcg8 26. Qh6 Rxg2+ 27. Kxg2 Rg8+ 28.
Bg6 Qg4+ 29. Kh1 Qf3+ {0-1 Friedman,A-Nickoloff,B/Toronto 1998/CBM 65 ext (42)}
) (17... Qc5 $5 18. Qh6 Qg5) (17... h5 $5 {Auf diese Weise verhindert Schwarz
die Möglichkeit 18.Qh6.}) 18. Rd3 {[%csl Re7][%cal Gd3c3,Gd3h3] Weiß
verteidigt seine Schwäche c3 aktiv mit dem Turm von der 3. Reihe.} (18. Qh6 $5
Bc6 $2 19. Nxe6 $1 Qe5 20. Nd4 Rcg8 21. f4 Qc5 22. Kh1 Rg6 23. Qh3 Bxe4 24. Bf3
Bxf3 25. Rxf3 Qc7 26. Nf5+ Kf8 27. Rfd3 Nc6 28. Rd7 {1-0 Piket,J-Topalov,V/
Groningen 1997/CBM 63 (28)}) 18... Qc5 {[#]} 19. Kh1 $1 $146 {Weiß vermeidet
die nach sofortigem 19.f4 mögliche Fesselung.} (19. f4 $2 Bb5 {[%cal Gc5g1,
Gb5f1]} 20. Re3 Bxe2 21. Rxe2 Qxc3 $17 22. Nc2 Rhd8 23. h3 Rd3 24. Kh2 Nc4 25.
Qb1 Nd2 26. Qxb7+ Rc7 {0-1 Lobron,E-Brunner,L/Garmisch 1994/CBM 43 ext (26)})
19... Rhd8 20. f4 $14 {[%csl Re7] Weiß hat gute Angriffsmöglichkeiten. Ohne
Damen wäre die schwarze Stellung besser, aber jetzt steht sein König immer
schlecht in der Mitte.} Bb5 21. Nxb5 Rxd3 (21... axb5 22. Rxd8 Rxd8 23. e5 $40)
22. Bxd3 axb5 23. e5 $1 {Weiß öffnet die Stellung gegen den schwarzen König.}
Qxc3 (23... fxe5 24. fxe5 Nc6 (24... Qxe5 25. Qa3+ {[%cal Ra3e7,Ra3a5]} b4 (
25... Qd6 $2 26. Rxf7+ $18) 26. Qxb4+ $14) 25. Qg5+ $40) (23... f5 24. Qe1 {
[%cal Re1h4,Rh4e7]} Qxc3 25. Qh4+ Kf8 26. Bxb5 $16 {[%csl Rf8]}) 24. exf6+ Kxf6
25. Qe3 $44 {[%csl Rf6] Weiß hat gute Angriffschancen und der schwarze König
findet keine Ruhe.} Nc4 (25... Ke7 26. f5 $40 Nc4 27. Qg5+ Qf6 28. Qxf6+ Kxf6
29. fxe6+ $16 Kxe6 $2 30. Bf5+ $18 {[%cal Rf5c8]}) 26. Qg3 {[%cal Rg3g5,Rg5f6]}
Ke7 (26... h6 27. f5 $16 {[%cal Rf1f6]}) 27. f5 $36 Qe5 (27... e5 $5 28. Qh4+ (
28. f6+ Kd6) 28... Kf8 29. Rd1 (29. Be2 Qc2 30. Rd1 Qxe2 31. Rd8+ Rxd8 32.
Qxd8+ Kg7 33. Qg5+ $11)) 28. Qf3 {[%cal Rf3b7,Gf1f7]} Rc6 (28... exf5 29. Qxb7+
Rc7 30. Qb8 $44 {[%csl Gb8,Re7]}) 29. fxe6 Qxe6 30. Qg3 {[%csl Re7][%cal Gg3g5,
Gg5b5,Gg5e7]} (30. Bxh7 $5 Nd2 31. Qa3+ Rd6 32. Rc1 $14 {Weiß hat eine freie
Stellung, aber das reduzierte Material bietet Schwarz Remischancen.}) (30. Be4
$2 Nd2 $19 {[%cal Rd2f1,Rd2e4,Rd2f3]}) 30... Rc5 {[%csl Gc5]} 31. Qh4+ (31.
Bxh7 $14) 31... Kd7 32. Qxh7 $6 (32. a4 $5 {[%csl Rc4,Rc5,Rd7] Weiß hat viele
taktische Möglichkeiten und somit mehr als ausreichenden Ersatz für den Bauern.
} Ne3 (32... bxa4 $2 33. Qd4+ Qd5 34. Qxd5+ Rxd5 35. Bxc4 $16) 33. Qd4+ Rd5 34.
Bxb5+ $14 {[%csl Gb5,Rd7]}) 32... Nd6 $1 $11 {[%csl Gd6][%cal Ge6a2,Gd6f7,
Gd6b5] Der schwarze Springer hält die ganze Stellung und jetzt hängt a2.} 33.
Qh4 (33. Bb1 $11) (33. a3 Rc3 {[%csl Gc3]}) 33... Qxa2 34. Re1 {Weiß hat
Aktivität für den Bauern. Der Angriffspunkt ist noch immer der schwarze König.}
Qd5 35. Qe7+ (35. Be2 {[%cal Ge1d1,Gd1d7,Ge2f3,Gf3b7]} Qd2) 35... Kc6 36. Be2
$44 {[%cal Re2f3,Rf3c6]} Ne4 (36... f5 37. Bf3 Ne4) 37. Bf3 f5 38. g4 {[%cal
Gf3b7] Weiß mobilisiert seine Reserven.} Qd2 (38... Kb6 39. gxf5 Ng3+ {[%cal
Gd5h1]} 40. Kg2 Nxf5 41. Qf6+ Rc6 (41... Qd6 42. Re6 Rc2+ 43. Kh3 Rxh2+ 44. Kg4
Nh6+ (44... Rh4+ 45. Kg5 $18 (45. Kxf5 $2 Rf4+ 46. Kg6 Rxf6+ 47. Kxf6 $11)) 45.
Kg5 $18) 42. Qxc6+ $1 $16) 39. Re2 (39. Bxe4+ fxe4 40. Qxe4+ Kb6 $11 {Schwarz
hat auch Chancen. Der b5-Bauer ist gefährlich und fürs Endspiel steht sein
König aktiv.}) 39... Qf4 (39... Qd3 40. Bxe4+ {Das führt zur Partie.}) (39...
Rc1+ $2 40. Kg2 $16 {[%csl Rc6,Rd2][%cal Gf3b7]}) 40. Bxe4+ $6 (40. Kg2 $5 {
[%csl Rc6,Gf3][%cal Gf3b7]} Kb6 (40... Rc3 41. Qf6+ Kc5 42. Qxf5+ Qxf5 43. gxf5
Nd6 44. f6 $14) 41. gxf5 Qg5+ 42. Qxg5 Nxg5 43. Bg4 $14) 40... fxe4 41. Qxe4+
Qxe4+ 42. Rxe4 Rc4 $15 {Dank seiner Aktivität steht Schwarz etwas besser. Der
früher schlechte König ist in der Mitte eine aktive Figur. Mit gutem Spiel
kann Weiß aber das Remis erreichen.} 43. Re6+ Kd5 (43... Kc5 44. Re5+ Kb4 45.
g5 Rg4 46. h3 {[%csl Rb4,Gg5,Gh3]}) 44. Rb6 Kc5 (44... Rxg4 $11) 45. Rxb7 Rxg4
46. h3 $11 {Der schwarze König ist zwar aktiver, aber wegen des reduzierten
Materials ist die Stellung total Remis.} Rg3 47. Kh2 Re3 48. h4 b4 49. Kg2 (49.
h5 $6 Re5 {[%cal Re5h5,Rh5h2]} 50. Rh7 b3 51. h6 Kc6 {[%cal Gc6b7] Schwarz
verhindert 52.Rb7.} 52. Rh8 Rb5 (52... b2 53. Rb8 Rb5 54. Rxb5 Kxb5 55. h7 $11)
53. Rc8+ Kd7 54. Rc1 $11) 49... Kc4 50. h5 Re5 {Und in gleicher Stellung wurde
Remis vereinbart.} (50... Re5 51. h6 Rh5 52. h7 b3 53. Kg3 $11) 1/2-1/2